Štatistická analýza stavu obyvateľstva Slovenskej republiky bakalárska práca

Na minha lista:
Detalhes bibliográficos
Autor principal: Holá, Adriana
Autor Corporativo: Fakulta hospodárskej informatiky EU. Katedra štatistiky
Outros Autores: Sivašová, Daniela, 1955-
Formato: Livro
Idioma:eslovaco
Publicado em: Bratislava 2012
Tags: Adicionar Tag
Sem tags, seja o primeiro a adicionar uma tag!

MARC

LEADER 00000nbm a2200000 4500
001 0156118
005 20161109111939.1
041 0 |a slo 
044 |a SK 
245 1 0 |a Štatistická analýza stavu obyvateľstva Slovenskej republiky  |b bakalárska práca  |c Adriana Holá ; školiteľ: Daniela Sivašová 
264 1 |a Bratislava  |c 2012 
300 |a 34 s. 
100 1 |a Holá, Adriana 
700 1 |a Sivašová, Daniela, 1955- 
710 2 |a Fakulta hospodárskej informatiky EU. Katedra štatistiky